MDQL
is popping MORE tags! Check the
thread
!
Quizzes
Events
Quiz Creation
Community
Videos
Private Events
Remove Ads
Sign In
Join for FREE
Feedback
Dark Mode
Quiz Categories
Sports
Geography
Music
Movies
Television
Just For Fun
Miscellaneous
History
Literature
Language
Science
Gaming
Entertainment
Religion
Holiday
For Kids
Quiz Lab
Recent
Popular Today
Quiz Kudos Today
Editor Picks
Curator Picks
Quizzes by...
Day
Popularity
Type
Ratings
Length
Year
Community
Subscriptions
Recent Discussions
Orange Saloon
Badges
Playlists
Quests
Create
Leaderboards
Showdown
Live 5
Trivia Bingo
Activity
Puzzle Library
Sporcle Events
Private Events
Virtual Trivia
Globe League
Become a Host
Pub Owners
SporcleCon
Opinionation
Our Games
Videos
Blog
Mobile Apps
Partnerships
Remove Ads and Go Orange
Feedback
Literature
Harry Potter
A Song of Ice and Fire
The Hunger Games
Literary Character
Shakespeare
Book
Author
Novel
Poem
Young Adult
Children's Books
Play
Lord of the Rings
Literature
Harry Potter
A Song of Ice and Fire
The Hunger Games
Literary Character
Shakespeare
Book
Author
Novel
Poem
Young Adult
Children's Books
Play
Lord of the Rings
Random Quiz
Search Sporcle
×
Quiz Lab
Quiz Lab
Literature
lion
Type in answers that appear in a list
Type in answers that appear in a list
Classic
Best Score? Go Orange.
The Lion, the Witch and the Wardrobe: First 222 Words Stats
Can you name the The Lion, the Witch and the Wardrobe: First 222 Words
By
Narniac
10m
222 Questions
151 Plays
151 Plays
151 Plays
Comments
Comments
Give Quiz Kudos
Give Quiz Kudos
-
- Ratings
hide this ad
Replay
Link that replays current quiz
Next Quiz
Link to next quiz in quiz playlist
You Got
0%
They Got
Avg Score
70%
Avg Friend Score
Upgrade to see
Score Distribution
Jump to the score distribution portion of the page
Score
0/222
Timer
10:00
0
Plays Today
% Correct
and
98.7%
the
98.7%
the
98.7%
the
98.7%
the
98.7%
the
98.7%
the
98.7%
and
98.7%
the
98.7%
and
98.7%
a
98.7%
a
98.7%
and
98.7%
and
98.7%
the
98.7%
a
98.7%
the
98.7%
the
98.7%
the
98.7%
a
98.7%
and
98.7%
the
98.7%
and
98.7%
the
98.7%
and
98.7%
the
98.7%
the
98.7%
the
98.7%
and
98.7%
and
98.7%
Peter,
96.7%
Lucy.
96.7%
Lucy
96.7%
Edmund
94.7%
Edmund
94.7%
Susan,
93.4%
an
90.7%
children
90.1%
were
89.4%
were
89.4%
were
89.4%
were
89.4%
were
89.4%
on
88.1%
on
88.1%
on
88.1%
on
88.1%
there
87.4%
four
87.4%
to
85.4%
to
85.4%
to
85.4%
to
85.4%
to
85.4%
to
85.4%
in
84.8%
in
84.8%
they
84.1%
They
84.1%
who
84.1%
they
84.1%
they
84.1%
(who
84.1%
(who
84.1%
they
84.1%
they
84.1%
Once
83.4%
names
83.4%
names
83.4%
once;
83.4%
war
82.8%
old
82.8%
was
82.8%
old
82.8%
% Correct
was
82.8%
was
82.8%
was
82.8%
was
82.8%
was
82.8%
house
82.1%
house
82.1%
of
81.5%
of
81.5%
of
81.5%
of
81.5%
of
81.5%
whose
78.1%
Professor
78.1%
Professor
78.1%
is
76.8%
He
76.2%
he
76.2%
He
76.2%
he
76.2%
he
76.2%
he
76.2%
country,
74.8%
when
74.2%
no
74.2%
(Their
74.2%
do
74.2%
when
74.2%
so
73.5%
lived
72.8%
lived
72.8%
youngest)
72.2%
youngest)
72.2%
it.
72.2%
it
72.2%
from
71.5%
from
71.5%
from
71.5%
man
71.5%
them
69.5%
London
69.5%
them
69.5%
away
68.9%
This
68.2%
sent
68.2%
sent
68.2%
not
67.5%
story
66.9%
story
66.9%
that
66.2%
that
66.2%
but
65.6%
but
65.6%
next
65.6%
with
64.9%
with
64.9%
large
63.6%
about
62.9%
his
62.9%
his
62.9%
his
62.9%
had
62.3%
very
62.3%
very
62.3%
at
62.3%
at
62.3%
had
62.3%
had
62.3%
little
61.6%
happened
60.9%
during
60.9%
as
60.9%
as
60.9%
him
60.9%
% Correct
him,
60.9%
As
60.9%
as
60.9%
because
60.3%
two
59.6%
heart
57.6%
three
57.6%
much.)
57.6%
all
57%
into
56.3%
out
56.3%
into
56.3%
housekeeper
55.6%
come
55.6%
said
55.6%
called
54.3%
servants
53.6%
hair
53.6%
afraid
53.6%
station
51.7%
came
51.7%
came
51.7%
miles
51%
miles
51%
white
51%
first
51%
first
51%
air-raids.
50.3%
ten
50.3%
nearest
50.3%
wife
50.3%
Mrs.Macready
50.3%
which
50.3%
over
50.3%
laugh
50.3%
over.
50.3%
hide
49.7%
room
49.7%
liked
49%
meet
49%
good
49%
railway
47.7%
head,
47.7%
something
47%
most
47%
face
47%
door
47%
wanted
47%
night
47%
night,
47%
Margaret
45.7%
front
45.7%
office.
45%
looking
45%
Betty,
44.4%
pretending
44.4%
blowing
44.4%
nose
44.4%
post
43.7%
Ivy,
43.7%
almost
43.7%
girls'
43.7%
odd
43.7%
keep
43%
boys
42.4%
grew
41.7%
evening
41.7%
soon
41.7%
well
40.4%
gone
39.1%
himself
37.7%
talked
37.1%
shaggy
35.8%
upstairs
35.1%
Quiz Playlist
Details
Report
Send in Message
Add To Playlist
Classic:
Type in answers that appear in a list
Last Updated: Feb 16, 2017
Quiz Scoreboard
CHALLENGE
Sign Up to Join the Scoreboard
Show All
Scores
Hide
Comments
May contain spoilers
Recently Published
5x2 Blitz: Bands
by SL_Kpop136
Music
30s
Colored Red Africa Blitz
by spor1
Geography
30s
Find the 'City' Movie
by crazypaving
Movies
60s
More to Explore
Quiz From the Vault
Featured Blog Post
14 Easter Pick-up Lines to Find Eggs With
hide this ad
You Might Also Like...
Tags
lion
Wardrobe
Witch
Today's Top Quizzes in Literature
Browse Literature
hide this ad
Today's Top Quizzes in lion
Browse lion
Top Contributed Quizzes in Literature
1
Sneaky Slytherin Logic Puzzle
2
Logic Puzzle: Avoid Dumbledore's Army
3
Mini Trivia Sudoku: A Song of Ice and Fire
4
Get The Picture: Black or White Literature
5
The Hunger Games Logic Puzzle: Find Katniss
6
One Thing in Common: Literature II
7
Harry Potter Logic Puzzle - Bill & Fleur's wedding
8
Harry Potter Video Game Releases
9
Silmarillion Characters by Any 3 Letters
10
Harry Potter Clickable Logic Puzzle #4
Explore More
Trending Topics
Anime
Disney
Crossword
Harry Potter
NBA
Kpop
Marvel
Country
Pokémon
WWE
Soccer
NFL
Puzzle
Song
The Office
hide this ad
More By:
Narniac
Quiz
Plays
Rating
Category
Featured
Created
Cities, Islands, and Landmarks of Narnia
1,180
4.33
Literature
Jul 1, 2014
The Lion, the Witch and the Wardrobe: First 222 Words
151
3.00
Literature
Jun 30, 2014
Remember That Old Narnian Rhyme?
37
5.00
Literature
Jul 2, 2014
Chapter Titles for The Last Battle
12
4.00
Literature
Jun 30, 2014
Go to Creator's Profile
Score Distribution
Quiz Creator Spotlight
Narniac
Follow
Send a Message
Quizzes Created
-
Created Quiz Play Count
-
More By This Creator
Popular Quizzes Today
1
Colored Red Africa Blitz
2
Find the 'City' Movie
3
Find the US States - No Outlines Minefield
4
5x2 Blitz: Bands
5
The Countries of the World
6
Find the US States
7
US States
8
9x9 Crossword: Cartoon Network
More Literature Quizzes
Best 'Of' Literature II
Published
Trending Quizzes
Colored Red Europe Blitz I
Colored Red Europe Blitz II
Colored Red Africa Blitz II
Colored Red Europe Blitz III
Colored Red Africa Blitz III
Recently Updated
How Do You Spell That?
pecheneg
Godzilla Movies
pecheneg
Grab Bag: 4-10 Letters
pecheneg
2024 March Madness Bracket
pecheneg
Famous TV Couples
Peacemaker
Champions League XIs: Real Madrid
pecheneg
Largest US Cities 1790-2010
pecheneg
Rides in Walt Disney World
pecheneg
Most Oscar Losses (Acting)
pecheneg
Beyoncé Albums
pecheneg
Trending Topics
Disney
Marvel
Harry Potter
Crossword
NBA
Kpop
Anime
WWE
Pokémon
Puzzle
Song
NFL
Soccer
The Office
Country
Your Account Isn't Verified!
In order to create a playlist on Sporcle, you need to verify the email address you used during registration. Go to your
Sporcle Settings
to finish the process.
Report this User
Report this user for behavior that violates our
Community Guidelines
.
Details:
Send Report
Go to the Sporcle.com Mobile Site →
Comments